000
00247nam a22001217a 4500
020
_a
9780810457504
041
_a
eng
080
_a
53
090
_b
TAL
100
_a
Talley, David.
245
_a
Basic Telephone Switching Systems.
999
_c
280297
_d
280297
942
_c
BK